South Eastern Kenya University

Library Online Public Access Catalogue


Pre-Tech Math 1&Pre-tech Math 11 (Record no. 17263)

MARC details
000 -LEADER
fixed length control field 00467nam a22001817a 4500
003 - CONTROL NUMBER IDENTIFIER
control field OSt
005 - DATE AND TIME OF LATEST TRANSACTION
control field 20190130174258.0
008 - FIXED-LENGTH DATA ELEMENTS--GENERAL INFORMATION
fixed length control field 190130b ||||| |||| 00| 0 eng d
020 ## - INTERNATIONAL STANDARD BOOK NUMBER
International Standard Book Number 9780536427458
040 ## - CATALOGING SOURCE
Original cataloging agency SEKU
050 ## - LIBRARY OF CONGRESS CALL NUMBER
Classification number QA 107.2
Item number .P74 2007
100 ## - MAIN ENTRY--PERSONAL NAME
Personal name Martin-Gay,Elayn
245 ## - TITLE STATEMENT
Title Pre-Tech Math 1&Pre-tech Math 11
260 ## - PUBLICATION, DISTRIBUTION, ETC. (IMPRINT)
Place of publication, distribution, etc. Upper Saddle River ,NewJersy
Name of publisher, distributor, etc. Pearson
Date of publication, distribution, etc. 2007
300 ## - PHYSICAL DESCRIPTION
Extent 1v(various pagings)
650 ## - SUBJECT ADDED ENTRY--TOPICAL TERM
Topical term or geographic name as entry element Algebra
942 ## - ADDED ENTRY ELEMENTS (KOHA)
Source of classification or shelving scheme Library of Congress Classification
Koha item type General circulation
Holdings
Withdrawn status Lost status Source of classification or shelving scheme Damaged status Not for loan Home library Current library Date acquired Total Checkouts Full call number Barcode Date last seen Price effective from Koha item type
    Library of Congress Classification     Main Campus Library Main Campus Library 30/01/2019   QA 107.2 .P74 2007 2016/013461 30/01/2019 30/01/2019 General circulation
Kitui, Kenya.
+254736116989
library@seku.ac.ke